| 000 | 01539nam0a22003611 4500 | ||
|---|---|---|---|
| 001 | v19\rc\1773409 | ||
| 005 | 20061204162715.4 | ||
| 035 | _a(NLR Aleph) 004891502 | ||
| 090 |
_a5276191 _c5276191 |
||
| 100 | _a20061204e19041904|||y0rusy50 ca | ||
| 101 | 0 | _arus | |
| 102 | _aRU | ||
| 105 | _ay z ||||| | ||
| 200 | 1 |
_aПамяти О.Н. ф. Бетлинга _fС.К. Булич |
|
| 210 |
_aСанкт-Петербург _cтип. Имп. Акад. наук _d1904 |
||
| 215 |
_a[2], 14 с. _d24 |
||
| 311 | _aОтт. из "Изв. Отд-ния рус. яз. и словесности Имп. Акад. наук", т. 9 (1904 г.), кн. 3, с. 187-200 | ||
| 488 | 0 |
_12001#$aИзвестия Отделения русского языка и словесности Императорской Академии наук$v1904, т. 9, кн. 3 _1215##$aС. 187-200 |
|
| 532 | 1 | 0 | _aПамяти Оттона Николаевича фон Бетлинга |
| 700 | 1 |
_aБулич _bС. К. _f1859-1921 _gСергей Константинович |
|
| 702 | 1 |
_6z01790 _aБетлингк _bО. Н. _f1815-1904 _gОттон Николаевич _4570 |
|
| 790 | 1 |
_6z01702 _aБетлинг _bО. Н. _f1815-1904 _gОттон Николаевич |
|
| 801 | 0 |
_aRU _bNLR _gpsbo |
|
| 801 | 0 |
_aRU _bRuMoRGB _2psbo |
|
| 801 | 1 |
_aRU _bProSoft-M _2rusmarc |
|
| 852 |
_aNLR _j34.50.4.162 |
||
| 899 |
_aRuMoRGB _jA 291/316 |
||
| 899 |
_aRuMoRGB _jU 371/1136 |
||
| 899 | _aБАН | ||
| 899 | _aНБ СПбГУ | ||
| 899 | _aГПИБ | ||
| 942 | _cBOOK | ||
| 980 | _aNB | ||